IFM Opac

THE BANKS AND TECHNOLOGY IN THE 1980's (Record no. 15380)

MARC details
000 -LEADER
fixed length control field 00298nam a22001217a 4500
020 ## - INTERNATIONAL STANDARD BOOK NUMBER
International Standard Book Number 0852970676
082 ## - DEWEY DECIMAL CLASSIFICATION NUMBER
Classification number 332.1 BAN
245 ## - TITLE STATEMENT
Title THE BANKS AND TECHNOLOGY IN THE 1980's
260 ## - PUBLICATION, DISTRIBUTION, ETC.
Place of publication, distribution, etc. LONDON
Name of publisher, distributor, etc. THE INSTITUTE OF BANKERS
300 ## - PHYSICAL DESCRIPTION
Extent 125p.
Other physical details ill,;14cm
650 ## - SUBJECT ADDED ENTRY--TOPICAL TERM
Topical term or geographic name entry element Cambridge Seminar
942 ## - ADDED ENTRY ELEMENTS (KOHA)
Koha item type Books
Holdings
Withdrawn status Lost status Damaged status Not for loan Home library Current library Shelving location Date acquired Total Checkouts Full call number Barcode Date last seen Price effective from Koha item type
Withdrawn       IFM Main Campus Library IFM Main Campus Library Archival Collection 02/12/2016   332.1 BAN 0000014766 02/12/2016 02/19/2022 Books